00825nam a2200205 a 4500008004100000020001800041050002100059100002600080245006600106260004800172300001900220490005600239650002200295650001600317650001400333700001800347995010000365999001700465952013700482200622s2018 ||||||||||||||||| || u a9780521437806 aJC 153. H521 Hob aSilverthorne, Michael10aHobbes on the citizencBy Richard Tuck, Michael Silverthorne  aCambridgebCambridge University Pressc2018 alii, 250 pages aCambridge texts in the history of political thought 0aPOLITICAL SCIENCE aNATURAL LAW aAUTHORITY aTuck, Richard D37.14FCBU-MAIN LIBRARY (Kitwe)M1UAVAILABLEWJul 1, 2020ZMain Library Open Access Collection c45644d45644 00102lcc4070a001b001cMain Library Open Access Collectiond2022-11-30l0oJC 153. H521 Hobp750328r2022-11-30w2022-11-30y002